Pod CTBT aj podpis Slovenska

Bibliographic Details
Format: Article
Language:Slovak
Subjects:

MARC

LEADER 00000nab a2200000 a 4500
001 vtls000599586
003 SK-MaSNL
005 20260426103107.0
008 210610c1996 xo 0 slo
015 |a SNBRB19rr/mm-uuuuu 
035 |a CL0599725 
040 |a SNKBUCL  |b slo  |c SNKBUCL  |e AACR2 
041 0 |a slo 
044 |a xo  |c SK 
080 |a 061.1(100)  |2 1981 
080 |a 327.37  |2 1981 
080 |a 341.67  |2 1981 
080 |a 623.454.8  |2 1981 
080 |a 623.451.74.083.2  |2 1981 
080 |a 341.24  |2 1981 
245 0 0 |a Pod CTBT aj podpis Slovenska 
610 2 7 |a Organizácia spojených národov  |2 SNKKA  |9 84034 
650 0 7 |a Valné zhromaždenie OSN  |2 snkbucl  |9 901929 
650 0 7 |a Zmluva o úplnom zákaze jadrových skúšok  |2 snkbucl  |9 1594454 
651 7 |a Slovensko  |2 snkbucl  |9 14231 
655 7 |a články z novín a časopisov  |2 snkbucl  |9 267496 
773 0 |t Pravda  |g Roč. 6, č. 229 (1. 10. 1996), s. 13 
850 |a Slovenská národná knižnica v Martine  |a MTA001 
852 |a SNK  |b KIS3GCP 
958 |a RK 
958 |a SK 
992 |a RBX 
999 |c 3275613  |d 3277543